000 00431pab a2200157 454500
008 180718b2011 xxu||||| |||| 00| 0 eng d
100 _aBiswas, Soumendu
245 _aPsychological climate as an antecedent of job satisfaction and job involvement
260 _c2011
300 _ap.465-477.
362 _aJan
650 _aJob satisfaction
773 _aIndian Journal of Industrial Relations
908 _aN
909 _a90804
999 _c90804
_d90804